000 00850nam0a2200229 4500
001 RU\NLR\BIBL_A\011888430
005 20260406134028.0
035 _a(NLR Aleph) 011888430
090 _a13419886
_c13419886
100 _a20181211d1968 |||y0rusy50 ca
101 1 _aady
_crus
102 _aRU
105 _aa z 000 y
200 1 _aФыртын
_eрассказхэр
_fБорис Житков
_gзэзыдзэкIыгъэр С. Гъуагъу
210 _aМыекъуапэ
_cКраснодарскэ тхылъ тедзапIэм и Адыгэ отделение
_d1968
215 _a117, [1] с.
_cил.
_d20
541 1 _aМетель
_zrus
700 1 _4070
_8rus
_7ca
_aЖитков
_bБ. С.
_f1882-1938
_gБорис Степанович
_3RU\NLR\AUTH\772100
_9112117
852 _aNLR
_bОНЛ
_jАдыг./2-620
942 _cBOOK
980 _aNB